| 000 | 00686nam a2200253Ia 4500 | ||
|---|---|---|---|
| 003 | OSt | ||
| 005 | 20220925203636.0 | ||
| 006 | a|||||r|||| 00| 0 | ||
| 007 | ta | ||
| 008 | 220923b |||||||| |||| 00| 0 eng d | ||
| 020 | _a0819138681 | ||
| 037 | _cGeneral Book | ||
| 040 |
_aRTL _cRTL _beng |
||
| 041 |
_2eng _aeng |
||
| 082 | _aR1xN06:g, M4 | ||
| 100 | _aGensler Harry J | ||
| 245 | 0 | _aGodel's theorem simplified | |
| 260 |
_aEngland _bUniversity Press of America U. K. _c1984 |
||
| 300 |
_a83p _ccm. |
||
| 650 |
_a Works-Godel _9251222 |
||
| 650 | _aPhilosophy-Logic | ||
| 942 |
_hR1xN06:g, M4 _cGB _2CC |
||
| 999 |
_c547269 _d547269 |
||